[Event "Moscow Time of the First U15"]
[Site "Moscow"]
[Date "2019.06.19"]
[Round "4"]
[White "Kozlov, Kirill"]
[Black "Tabors, Emils"]
[Result "1/2-1/2"]
[WhiteElo "1440"]
[BlackElo "1526"]
[PlyCount "72"]
[EventDate "2019.06.17"]
[EventType "swiss"]
[EventRounds "9"]
[EventCountry "RUS"]
[SourceTitle "EXT 2021"]
[Source "ChessBase"]
[SourceDate "2020.10.23"]
[SourceVersion "1"]
[SourceVersionDate "2020.10.23"]
[SourceQuality "1"]

1. d4 Nf6 2. c4 g6 3. Nf3 Bg7 4. g3 d6 5. Bg2 0-0 6. 0-0 c5 7. Nc3 Nc6 8. e4 cxd4 9. Nxd4 Nxe4 10. Nxc6 Nxc3 11. bxc3 bxc6 12. Bxc6 Bxc3 13. Bh6 Bh3 14. Bxf8 Qxf8 15. Bxa8 Bxf1 16. Rc1 Qxa8 17. Qxf1 Bf6 18. c5 Bg5 19. Rc2 dxc5 20. Rxc5 Bf6 21. Qd3 Qb7 22. Rb5 Qc7 23. a4 a6 24. Rb1 Qa5 25. Qb3 Kg7 26. Qb4 Qxb4 27. Rxb4 a5 28. Rc4 e6 29. Rc5 Bd8 30. Kg2 Kf6 31. f4 Bb6 32. Rb5 Bc7 33. Rc5 Bb6 34. Rb5 Bc7 35. Rc5 Bb6 36. Rb5 Bc7 1/2-1/2

[Event "Moscow Time of the First U15"]
[Site "Moscow"]
[Date "2019.06.19"]
[Round "3"]
[White "Tabors, Emils"]
[Black "Kozachek, Stanislav"]
[Result "1-0"]
[WhiteElo "1526"]
[BlackElo "1578"]
[PlyCount "75"]
[EventDate "2019.06.17"]
[EventType "swiss"]
[EventRounds "9"]
[EventCountry "RUS"]
[SourceTitle "EXT 2021"]
[Source "ChessBase"]
[SourceDate "2020.10.23"]
[SourceVersion "1"]
[SourceVersionDate "2020.10.23"]
[SourceQuality "1"]

1. d4 Nf6 2. c4 e6 3. Nc3 Bb4 4. e3 0-0 5. Nge2 b6 6. a3 Be7 7. Nf4 Bb7 8. Be2 c5 9. d5 e5 10. Nd3 d6 11. e4 Bc8 12. 0-0 Ne8 13. Be3 Bg5 14. Qd2 Bxe3 15. Qxe3 g6 16. b4 Ng7 17. Rfb1 f5 18. f3 f4 19. Qf2 g5 20. a4 h5 21. h3 Nd7 22. a5 Bb7 23. axb6 axb6 24. Nb5 Nf6 25. Rxa8 Bxa8 26. Ra1 Rf7 27. Nxd6 Re7 28. bxc5 bxc5 29. Qxc5 Nd7 30. Qc8 Qxc8 31. Nxc8 Re8 32. Rxa8 Kf8 33. c5 h4 34. c6 Nf6 35. Nb6 Rxa8 36. Nxa8 Nfe8 37. c7 Nxc7 38. Nxc7 1-0